Экономическая теория (Запись № 1833203)

Подробности
000 -МАРКЕР
контрольное поле 02375nam0a2200409 4500
001 - ИДЕНТИФИКАТОР ЗАПИСИ
контрольное поле RU\NLR\bibl\1817596
005 - ИДЕНТИФИКАТОР ВЕРСИИ
контрольное поле 20250616155644.0
010 ## - МЕЖДУНАРОДНЫЙ СТАНДАРТНЫЙ НОМЕР КНИГИ (ISBN)
Номер (ISBN) 978-5-394-01397-3
Тираж 1000
021 ## - НОМЕР ГОСУДАРСТВЕННОЙ РЕГИСТРАЦИИ
Код страны Российская Федерация
Номер 2011-68294
Номер Листа государственной регистраци 4821
035 ## - ДРУГИЕ СИСТЕМНЫЕ НОМЕРА
Идентификатор записи (NLR Aleph) 001808170
100 ## - ДАННЫЕ ОБЩЕЙ ОБРАБОТКИ
Данные общей обработки 20111007d2012 |||y0rusy50 ca
101 0# - ЯЗЫК РЕСУРСА
Язык текста, звукозаписи и т.д. русский
102 ## - СТРАНА ПУБЛИКАЦИИ ИЛИ ПРОИЗВОДСТВА
Страна публикации Российская Федерация
105 ## - ПОЛЕ КОДИРОВАННЫХ ДАННЫХ: ТЕКСТОВЫЕ МАТЕРИАЛЫ, МОНОГРАФИЧЕСКИЕ
Кодированные данные о монографическом текстовом документе a |||||||||
200 1# - ЗАГЛАВИЕ И СВЕДЕНИЯ ОБ ОТВЕТСТВЕННОСТИ
Основное заглавие Экономическая теория
Сведения, относящиеся к заглавию экономические системы: формирование и развитие
-- учебник
-- для студентов магистратуры ВПО, обучающихся по направлениям подготовки "Экономика" и "Менеджмент"
Первые сведения об ответственности [И.К. Ларионов, д.э.н., проф., засл. деят. науки РФ, С.Н. Сильвестров, д.э.н., проф., засл. экономист РФ, К.В. Антипов, д.э.н., доц. и др.]
Последующие сведения об ответственности под ред. докторов экон. наук, профессоров И.К. Ларионова, С.Н. Сильвестрова
210 ## - ПУБЛИКАЦИЯ, РАСПРОСТРАНЕНИЕ И ДР.
Место издания, распространения и т.д. Москва
Имя издателя, распространителя и т. д. Дашков и К°
Дата издания, распространения и т.д. 2012 [т.е. 2011]
215 ## - ФИЗИЧЕСКАЯ ХАРАКТЕРИСТИКА
Специфическое обозначение материала и объем 873 с.
Другие сведения о физической характеристике схем.
Размеры 21
225 1# - СЕРИЯ
Основное заглавие серии Учебные издания для магистров
300 ## - ОБЩИЕ ПРИМЕЧАНИЯ
Текст примечания Авт. указаны на обороте тит.л.
300 ## - ОБЩИЕ ПРИМЕЧАНИЯ
Текст примечания Кн. фактически изд. в 2011 г.
320 ## - ПРИМЕЧАНИЯ О НАЛИЧИИ В ДОКУМЕНТЕ БИБЛИОГРАФИИ / УКАЗАТЕЛЯ
Текст примечания Библиогр. в подстроч. примеч.
606 1# - НАИМЕНОВАНИЕ ТЕМЫ КАК ПРЕДМЕТ
Наименование темы Экономика
Формальный подзаголовок Учебники для высших учебных заведений
Тематический подзаголовок Теория
Системный номер авторитетной/нормативной записи 1565397
Идентификатор авторитетной/нормативной записи RU\NLR\auth\66985247
606 1# - НАИМЕНОВАНИЕ ТЕМЫ КАК ПРЕДМЕТ
Наименование темы Экономические системы
Формальный подзаголовок Учебные издания для высших учебных заведений
Тематический подзаголовок Теория
Системный номер авторитетной/нормативной записи 2093998
Идентификатор авторитетной/нормативной записи RU\NLR\auth\661267154
686 ## - ИНДЕКСЫ ДРУГИХ КЛАССИФИКАЦИЙ
Индекс У010я73
686 ## - ИНДЕКСЫ ДРУГИХ КЛАССИФИКАЦИЙ
Индекс У010.5я73
701 #1 - ИМЯ ЛИЦА - АЛЬТЕРНАТИВНАЯ ОТВЕТСТВЕННОСТЬ
Код отношения Автор
Графика поля Кириллица
Материалы, к которым относится поле rus
Начальный элемент ввода Ларионов
Часть имени, кроме начального элемента ввода И. К.
Расширение инициалов личного имени Игорь Константинович
Системный номер авторитетной/нормативной записи 189985
Идентификатор авторитетной/нормативной записи RU\NLR\AUTH\770190036
701 #1 - ИМЯ ЛИЦА - АЛЬТЕРНАТИВНАЯ ОТВЕТСТВЕННОСТЬ
Начальный элемент ввода Сильвестров
Часть имени, кроме начального элемента ввода С. Н.
Расширение инициалов личного имени Сергей Николаевич
Код отношения Автор
701 #1 - ИМЯ ЛИЦА - АЛЬТЕРНАТИВНАЯ ОТВЕТСТВЕННОСТЬ
Начальный элемент ввода Антипов
Часть имени, кроме начального элемента ввода К. В.
Расширение инициалов личного имени Константин Валерьевич
Код отношения Автор
801 #0 - ИСТОЧНИК ЗАПИСИ
Страна Российская Федерация
Организация NLR
Дата составления 20111007
Правила каталогизации RCR
801 #1 - ИСТОЧНИК ЗАПИСИ
Страна Российская Федерация
Организация NLR
Дата составления 20111007
830 ## - ОБЩЕЕ ПРИМЕЧАНИЕ, СОСТАВЛЕННОЕ КАТАЛОГИЗАТОРОМ
Текст примечания 2 авт. по кн, 3-й по эк
942 ## - ДОПОЛНИТЕЛЬНЫЕ ЭЛЕМЕНТЫ ЗАПИСИ (АБИС)
Тип экземпляра АБИС Книга
980 ## - КОЛЛЕКЦИЯ
Название коллекции Национальная библиография
980 ## - КОЛЛЕКЦИЯ
Название коллекции НБР
Экземпляры
Тип экземпляра Дата поступления Источник поступления Библиотека постоянного хранения Библиотека текущего хранения Место хранения Шифр хранения Штрих-код Статус экземпляра Стоимость
Книга 07.10.2011 Обязательный экземпляр РНБ (Московский) РНБ (Московский) Русский книжный фонд: издания с 1957 года 2011-3/30751 1-2596366    
Книга 07.10.2011 Обязательный экземпляр РНБ (Московский) РНБ (Московский) Русский книжный фонд: издания с 1957 года 2011-3/30751 3503082    
Книга 29.10.2012 Покупка РНБ (Садовая) РНБ (Садовая) Универсальный читальный зал У У01/Э-400 1-119934   544.00